[Event "SV Medizin Erfurt 2-SV Jenapharm Jena 3"]
[Site "?"]
[Date "2010.02.07"]
[Round "6.2"]
[White "Fischer, Dennis"]
[Black "Vater, Rainer"]
[Result "1/2-1/2"]
[WhiteElo "1917"]
[BlackElo "1830"]
[PlyCount "61"]
[EventDate "2010.??.??"]

1. d4 {[%emt 0:00:00]} f5 2. g3 e6 3. Bg2 d5 4. Nf3 Nf6 5. O-O Be7 6. c4 c6 7.
Nbd2 O-O 8. Ne5 Nbd7 9. Ndf3 Ne4 10. a4 a5 11. Qc2 Nxe5 12. Nxe5 Bd7 13. b3 Ng5
14. Ba3 Bxa3 15. Rxa3 Qe7 16. Ra2 Rfc8 17. c5 Nf7 18. Nd3 e5 19. dxe5 Nxe5 20.
Nxe5 Qxe5 21. e3 Rf8 22. Qb2 Rae8 23. Qd2 Qc7 24. f4 Rb8 25. b4 axb4 26. a5
Rfe8 27. Kf2 Be6 28. Qxb4 d4 29. Ra3 dxe3+ 30. Rxe3 Bf7 31. Rfe1 1/2-1/2

[Event "SV Medizin Erfurt 2-SV Jenapharm Jena 3"]
[Site "?"]
[Date "2010.02.07"]
[Round "6.3"]
[White "Koch, Herbert"]
[Black "Sunderbrink, Heino"]
[Result "0-1"]
[WhiteElo "1720"]
[BlackElo "1929"]
[PlyCount "67"]
[EventDate "2010.??.??"]

1. d4 Nf6 2. Nf3 g6 3. Bf4 Bg7 4. Nbd2 d6 5. e4 O-O 6. Bd3 Nbd7 7. c3 c6 8. h3
Nh5 9. Bh2 e5 10. dxe5 dxe5 11. O-O Nf4 12. Bc2 Nb6 13. Nb3 Qe7 14. Bxf4 exf4
15. Qe2 Be6 16. Nfd4 Bc4 17. Bd3 Bxd3 18. Qxd3 c5 19. Ne2 c4 20. Qf3 cxb3 21.
axb3 Rfe8 22. Qxf4 Qxe4 23. Qxe4 Rxe4 24. Rfe1 a6 25. Ng3 Rxe1+ 26. Rxe1 Kf8
27. Re4 Nd7 28. Rc4 Be5 29. f4 Bd6 30. Kf2 f5 31. Rd4 Ke7 32. Ke2 Nc5 33. b4
Ne6 34. Rd3 0-1

[Event "SV Medizin Erfurt 2-SV Jenapharm Jena 3"]
[Site "?"]
[Date "2010.02.07"]
[Round "6.7"]
[White "Horatschek, Martin jr"]
[Black "Schelter, Mario"]
[Result "0-1"]
[WhiteElo "1513"]
[BlackElo "1638"]
[PlyCount "50"]
[EventDate "2010.??.??"]

1. e4 e5 2. Nf3 Nc6 3. Bc4 Nf6 4. Nc3 Bc5 5. d3 O-O 6. O-O d6 7. Bg5 Na5 8. Bb3
Nxb3 9. axb3 c6 10. Na4 Bb4 11. d4 h6 12. dxe5 hxg5 13. exf6 gxf6 14. Nd4 Kg7
15. c3 Ba5 16. b4 Bc7 17. c4 Be6 18. Nf5+ Bxf5 19. exf5 Rh8 20. f4 d5 21. fxg5
Bxh2+ 22. Kf2 fxg5 23. g3 Bxg3+ 24. Kf3 Qd6 25. Qd2 Bf4 0-1

[Event "TSV Zeulenroda-SV Jenapharm Jena 2"]
[Site "?"]
[Date "2010.02.07"]
[Round "6.1"]
[White "Mucha, Annegret"]
[Black "Fuchs, Antje"]
[Result "0-1"]
[WhiteElo "1924"]
[BlackElo "2091"]
[PlyCount "48"]
[EventDate "2010.??.??"]

1. e4 c5 2. Nc3 Nc6 3. Bb5 Nd4 4. Bc4 g6 5. Nge2 Bg7 6. O-O e6 7. Nxd4 cxd4 8.
Ne2 Ne7 9. d3 d5 10. Bb5+ Bd7 11. Bxd7+ Qxd7 12. Ng3 Rc8 13. Bd2 O-O 14. Bb4
Rfe8 15. f4 Qb5 16. Qd2 dxe4 17. dxe4 Nc6 18. c3 Red8 19. Qe1 Nxb4 20. cxb4 Rc2
21. e5 Rxb2 22. a3 d3 23. Ne4 Re2 24. Nc3 Qb6+ 0-1

[Event "TSV Zeulenroda-SV Jenapharm Jena 2"]
[Site "?"]
[Date "2010.02.07"]
[Round "6.2"]
[White "Liebold, Thomas"]
[Black "Wolf, Isaak"]
[Result "1-0"]
[WhiteElo "2059"]
[BlackElo "1871"]
[PlyCount "109"]
[EventDate "2010.??.??"]

1. e4 e5 2. Bc4 Nf6 3. Nc3 Bc5 4. Nf3 d6 5. d4 exd4 6. Nxd4 Nc6 7. Nxc6 bxc6 8.
Bg5 O-O 9. Qf3 Be6 10. Bb3 Bd4 11. O-O-O Bxc3 12. bxc3 Bg4 13. Qxg4 Nxg4 14.
Bxd8 Raxd8 15. Rd2 Rfe8 16. h3 Nf6 17. f3 Re5 18. Rhd1 Nd7 19. Rd4 Nc5 20. Ba4
Nxa4 21. Rxa4 Ra8 22. Ra6 Rc5 23. Rd4 Rxc3 24. Rda4 Kf8 25. Rxa7 Rc8 26. R7a5
Ke7 27. Kd2 Rc5 28. Rxc5 dxc5 29. Ra7 Kd6 30. a4 Rb8 31. a5 Rb1 32. a6 Ra1 33.
Ra8 g6 34. g4 Ke7 35. a7 g5 36. e5 Ra3 37. c3 h6 38. Kd3 Ra4 39. Kd2 Ra3 40.
Kd3 Ra2 41. Kc4 Ra5 42. Rh8 Rxa7 43. Rxh6 Ra4+ 44. Kxc5 Ra5+ 45. Kd4 Rd5+ 46.
Ke4 Rc5 47. Rh5 Rc4+ 48. Kd3 Rf4 49. Ke3 Rc4 50. Rxg5 Rxc3+ 51. Ke4 Rc1 52. h4
Re1+ 53. Kd3 c5 54. h5 Rh1 55. Rf5 1-0

[Event "TSV Zeulenroda-SV Jenapharm Jena 2"]
[Site "?"]
[Date "2010.02.07"]
[Round "6.3"]
[White "Thöle, Wolfgang"]
[Black "Wolfram, Thomas"]
[Result "1-0"]
[WhiteElo "1950"]
[BlackElo "1821"]
[PlyCount "49"]
[EventDate "2010.??.??"]

1. e4 d6 2. Nc3 g6 3. Bc4 Bg7 4. d4 Nf6 5. f3 c6 6. Nge2 d5 7. Bb3 dxe4 8. fxe4
Bg4 9. e5 Nd5 10. h3 Be6 11. Ne4 Nd7 12. Ng5 Nf8 13. O-O h6 14. Nxe6 Nxe6 15.
c4 Ndc7 16. d5 Nc5 17. e6 fxe6 18. Qc2 exd5 19. Qxg6+ Kd7 20. Qxg7 Rg8 21. Qe5
e6 22. cxd5 cxd5 23. Rf7+ Kc8 24. Bf4 Nd7 25. Qd6 1-0

[Event "TSV Zeulenroda-SV Jenapharm Jena 2"]
[Site "?"]
[Date "2010.02.07"]
[Round "6.4"]
[White "Barth, Christian"]
[Black "Rauhut, Frank"]
[Result "0-1"]
[WhiteElo "1809"]
[BlackElo "1921"]
[PlyCount "56"]
[EventDate "2010.??.??"]

1. e4 c5 2. Nf3 g6 3. d4 Bg7 4. c4 cxd4 5. Nxd4 Nc6 6. Be3 d6 7. Qd2 Nf6 8. f3
O-O 9. Be2 Bd7 10. Nc3 Nxd4 11. Bxd4 Bc6 12. O-O Nd7 13. Be3 Nc5 14. Rac1 Re8
15. b4 Ne6 16. Rfd1 b6 17. Nb5 Bb7 18. Qe1 a6 19. Nc3 a5 20. Nd5 Bxd5 21. cxd5
Nf8 22. Bb5 Nd7 23. a3 Bb2 24. Rc2 Bxa3 25. Qc3 Bxb4 26. Qc7 Nc5 27. Rxc5 Bxc5
28. Qc6 Bxe3+ 0-1

[Event "TSV Zeulenroda-SV Jenapharm Jena 2"]
[Site "?"]
[Date "2010.02.07"]
[Round "6.5"]
[White "Asmykovich, Ihar"]
[Black "Werner, Daniel"]
[Result "1/2-1/2"]
[WhiteElo "1707"]
[BlackElo "1729"]
[PlyCount "84"]
[EventDate "2010.??.??"]

1. d4 Nf6 2. Nf3 e6 3. Bg5 Be7 4. e3 O-O 5. Bd3 d5 6. c4 Nbd7 7. O-O h6 8. Bh4
dxc4 9. Bxc4 b6 10. Nc3 Bb7 11. Qe2 Ne4 12. Bxe7 Qxe7 13. Nxe4 Bxe4 14. Rac1 c5
15. Rfd1 Rfd8 16. Bb5 Rac8 17. Rc4 Nf6 18. Rdc1 Bd5 19. R4c2 Bxa2 20. b4 Bb3
21. Rc3 c4 22. Bxc4 Bxc4 23. Rxc4 Rxc4 24. Qxc4 Nd5 25. b5 f6 26. e4 Nf4 27. g3
Ng6 28. h4 Qd7 29. h5 Ne7 30. Qc7 Kf8 31. Kg2 Ke8 32. Qxd7+ Rxd7 33. Kf1 Kd8
34. Ke2 Rc7 35. Rxc7 Kxc7 36. Kd3 Kd6 37. Kc4 Nc8 38. Nd2 Ne7 39. f4 Nc8 40.
e5+ fxe5 41. fxe5+ Kd7 42. Ne4 Ne7 1/2-1/2

[Event "TSV Zeulenroda-SV Jenapharm Jena 2"]
[Site "?"]
[Date "2010.02.07"]
[Round "6.6"]
[White "Skibbe, Diana"]
[Black "Heunemann, Dieter"]
[Result "1/2-1/2"]
[WhiteElo "1884"]
[BlackElo "1899"]
[PlyCount "53"]
[EventDate "2010.??.??"]

1. e4 c5 2. Nf3 Nc6 3. d4 cxd4 4. Nxd4 Nf6 5. Nc3 e5 6. Ndb5 d6 7. Bg5 a6 8.
Na3 Be6 9. Nc4 Rc8 10. Ne3 Be7 11. Bxf6 Bxf6 12. Ncd5 Bg5 13. c3 O-O 14. g3 Kh8
15. Bg2 Ne7 16. O-O Rc5 17. f4 Bh6 18. Nxe7 Qxe7 19. Ng4 Bxg4 20. Qxg4 exf4 21.
gxf4 f5 22. exf5 Rcxf5 23. Rae1 Qf7 24. Re4 Bxf4 25. Qe2 Be5 26. Qe1 g6 27. Re2
1/2-1/2

[Event "TSV Zeulenroda-SV Jenapharm Jena 2"]
[Site "?"]
[Date "2010.02.07"]
[Round "6.7"]
[White "Schober, Manfred"]
[Black "Riemer, Marion"]
[Result "0-1"]
[WhiteElo "1830"]
[BlackElo "1669"]
[PlyCount "102"]
[EventDate "2010.??.??"]

1. e4 d5 2. exd5 Nf6 3. Nc3 Nxd5 4. Bc4 Nb6 5. Bb3 Nc6 6. d4 Nxd4 7. Bf4 c5 8.
Nb5 e6 9. Nc7+ Ke7 10. Nxa8 Nxa8 11. c3 Nxb3 12. Qxb3 Qb6 13. Nf3 f6 14. O-O e5
15. Be3 Be6 16. Rfd1 Bxb3 17. axb3 Ke6 18. b4 a6 19. Ra5 Nc7 20. Nd2 Nb5 21.
Nc4 Qc7 22. Ra4 cxb4 23. Nb6 Bc5 24. Nd5 Qc8 25. Bxc5 Qxc5 26. Rxb4 Rd8 27.
Nf4+ exf4 28. Rxd8 Qf5 29. h3 f3 30. g4 Qb1+ 31. Kh2 Qf1 32. Re4+ Kf7 33. Kg3
Qg2+ 34. Kf4 Qxf2 35. Rd7+ Kg6 36. Ree7 Qh2+ 37. Kxf3 Qxh3+ 38. Kf4 Qh2+ 39.
Kf3 Qh1+ 40. Kf4 Qh6+ 41. Kg3 Na7 42. Rxb7 Nc6 43. Re4 Qc1 44. Kf2 Qd2+ 45. Re2
Qf4+ 46. Kg1 Ne5 47. Rb4 Qg3+ 48. Kf1 Qh3+ 49. Kg1 Qg3+ 50. Kf1 Nf3 51. Rf2
Nh2+ 0-1

[Event "TSV Zeulenroda-SV Jenapharm Jena 2"]
[Site "?"]
[Date "2010.02.07"]
[Round "6.8"]
[White "Wiedemann, Volker"]
[Black "Fauth, Frank"]
[Result "1/2-1/2"]
[WhiteElo "1838"]
[BlackElo "1758"]
[PlyCount "36"]
[EventDate "2010.??.??"]

1. Nf3 d5 2. b3 Nf6 3. Bb2 Nbd7 4. e3 e6 5. c4 a6 6. a3 c5 7. d4 dxc4 8. bxc4
Bd6 9. Nbd2 O-O 10. Bd3 cxd4 11. exd4 Qc7 12. O-O b6 13. Qb3 Re8 14. Rfe1 Bb7
15. Ne5 Rad8 16. Ndf3 Bxf3 17. Nxf3 h6 18. h3 Rb8 1/2-1/2

[Event "SG Arnstadt-Stadtilm 2-MTV 1876 Saalfel"]
[Site "?"]
[Date "2010.02.07"]
[Round "6.1"]
[White "Klebe, Jan"]
[Black "Maaz, Ernst"]
[Result "1/2-1/2"]
[WhiteElo "1920"]
[BlackElo "1882"]
[PlyCount "44"]
[EventDate "2010.??.??"]

1. e4 e6 2. d4 d5 3. Nc3 Nf6 4. e5 Nfd7 5. Nf3 c5 6. dxc5 Bxc5 7. Bd3 Nc6 8.
Bf4 a6 9. O-O h6 10. Bg3 b5 11. a3 b4 12. axb4 Bxb4 13. Nb5 Rb8 14. Nbd4 Nxd4
15. Nxd4 Qb6 16. c3 Bc5 17. Qa4 Bxd4 18. cxd4 O-O 19. Rfc1 Qb3 20. Qxb3 Rxb3
21. Bf1 Rb4 22. Rc2 Nb6 1/2-1/2

[Event "SG Arnstadt-Stadtilm 2-MTV 1876 Saalfel"]
[Site "?"]
[Date "2010.02.07"]
[Round "6.2"]
[White "Hopf, Peter"]
[Black "Böhl, Dietmar"]
[Result "1/2-1/2"]
[WhiteElo "1797"]
[BlackElo "1911"]
[PlyCount "58"]
[EventDate "2010.??.??"]

1. e4 g6 2. d4 Bg7 3. Nf3 d5 4. e5 c5 5. dxc5 Nc6 6. Bb5 Bg4 7. Bf4 e6 8. O-O
Nge7 9. Nbd2 h6 10. h3 Bxf3 11. Nxf3 Qa5 12. Nd4 O-O 13. Bxc6 Nxc6 14. Nxc6
bxc6 15. Qd4 Rab8 16. a3 Qb5 17. b4 g5 18. Bg3 a5 19. c3 Qa4 20. f4 f5 21. h4
g4 22. Qd3 Ra8 23. h5 Rfd8 24. Bh4 Rd7 25. Rfb1 Bf8 26. Bf2 Rb7 27. Be1 Be7 28.
Bf2 Rb5 29. g3 Rd8 1/2-1/2

[Event "SG Arnstadt-Stadtilm 2-MTV 1876 Saalfel"]
[Site "?"]
[Date "2010.02.07"]
[Round "6.3"]
[White "Liebisch, Dieter"]
[Black "Walter, Bernd"]
[Result "0-1"]
[WhiteElo "1915"]
[BlackElo "1772"]
[PlyCount "76"]
[EventDate "2010.??.??"]

1. d4 Nf6 2. Bf4 d6 3. Nc3 g6 4. e4 c6 5. Qd2 h5 6. Nf3 Bg7 7. h3 b5 8. a3 a6
9. Bd3 Bb7 10. Bg5 Nbd7 11. Qf4 Qc7 12. O-O e5 13. dxe5 dxe5 14. Qd2 Nc5 15.
Be2 Ne6 16. Be3 Nd7 17. Ng5 Nxg5 18. Bxg5 f6 19. Be3 Rd8 20. Rad1 O-O 21. f4
exf4 22. Bxf4 Ne5 23. Qe3 Rxd1 24. Rxd1 Rd8 25. Rxd8+ Qxd8 26. Qa7 Qd7 27. a4
Bc8 28. Qb8 Kh7 29. Kh2 Qb7 30. Qd6 Qd7 31. Qc5 Qe8 32. a5 Bf8 33. Qd4 Qd7 34.
Qb6 Bd6 35. Qe3 g5 36. Bg3 h4 37. Bxe5 Bxe5+ 38. Kg1 Bd4 0-1

[Event "SG Arnstadt-Stadtilm 2-MTV 1876 Saalfel"]
[Site "?"]
[Date "2010.02.07"]
[Round "6.4"]
[White "Göbel, Helmut"]
[Black "Petzold, Thomas"]
[Result "0-1"]
[WhiteElo "1722"]
[BlackElo "1854"]
[PlyCount "65"]
[EventDate "2010.??.??"]

1. d4 d5 2. c4 e6 3. Nc3 c5 4. Nf3 Nc6 5. cxd5 exd5 6. dxc5 d4 7. Na4 Bf5 8. a3
b5 9. cxb6 axb6 10. b4 b5 11. Nc5 Nxb4 12. Nd3 Nxd3+ 13. exd3 b4 14. a4 Bc5 15.
Qe2+ Ne7 16. Qe5 Qd5 17. Qxg7 Rg8 18. Qe5 Qxe5+ 19. Nxe5 Nd5 20. g3 f6 21. Nc4
Kf7 22. a5 b3 23. Ba3 Nb4 24. Bxb4 Bxb4+ 25. Kd1 Rge8 26. Be2 Rxe2 27. Kxe2
Re8+ 28. Kd1 Bxd3 29. Nb2 Bc2+ 30. Kc1 Re2 31. Rd1 Bc3 32. Rb1 Bxd1 33. Kxd1
0-1

[Event "SG Arnstadt-Stadtilm 2-MTV 1876 Saalfel"]
[Site "?"]
[Date "2010.02.07"]
[Round "6.5"]
[White "Wagner, Ronald"]
[Black "Zeising, Benjamin"]
[Result "1/2-1/2"]
[WhiteElo "1760"]
[BlackElo "1681"]
[PlyCount "88"]
[EventDate "2010.??.??"]

1. Nf3 Nf6 2. g3 g6 3. b3 Bg7 4. Bb2 O-O 5. Bg2 d5 6. d4 Ne4 7. O-O c5 8. Nbd2
Nxd2 9. Qxd2 Nc6 10. Rfd1 e6 11. Rac1 cxd4 12. Nxd4 Qb6 13. c4 dxc4 14. Nxc6
bxc6 15. Bxg7 Kxg7 16. Rxc4 Bb7 17. Qc3+ Kg8 18. Bxc6 Rad8 19. Rc1 Ba6 20. Rb4
Qa5 21. Ra4 Qb6 22. Bf3 Bb5 23. Re4 Rc8 24. Qe1 Rxc1 25. Qxc1 Bc6 26. Re3 Bxf3
27. Rxf3 Qa6 28. Qd2 Rc8 29. Rd3 Qb6 30. Rd7 Rc7 31. Rxc7 Qxc7 32. b4 Qb6 33.
e3 Qa6 34. h4 Qa4 35. Qb2 Qd1+ 36. Kh2 Qf3 37. a4 Qd1 38. a5 Qa4 39. Qd4 Qc2
40. Kg2 Qc6+ 41. Kh2 Qc2 42. Qf6 Qd2 43. Qf4 e5 44. Qf3 Kg7 1/2-1/2

[Event "SG Arnstadt-Stadtilm 2-MTV 1876 Saalfel"]
[Site "?"]
[Date "2010.02.07"]
[Round "6.6"]
[White "Hoyer, Willy"]
[Black "Quandt, Friedbert"]
[Result "1/2-1/2"]
[WhiteElo "1681"]
[BlackElo "1757"]
[PlyCount "36"]
[EventDate "2010.??.??"]

1. d4 Nf6 2. e3 d5 3. Bd3 e6 4. Nd2 c5 5. c3 Nbd7 6. Ngf3 Bd6 7. e4 dxe4 8.
Nxe4 Nxe4 9. Bxe4 O-O 10. O-O Qc7 11. h3 Nf6 12. Bc2 h6 13. Be3 c4 14. Qd2 Nd5
15. Rae1 Nxe3 16. Qxe3 Bd7 17. Qe4 g6 18. Ne5 Bxe5 1/2-1/2

[Event "SG Arnstadt-Stadtilm 2-MTV 1876 Saalfel"]
[Site "?"]
[Date "2010.02.07"]
[Round "6.7"]
[White "Müller, Robert"]
[Black "Widmann, Benjamin"]
[Result "0-1"]
[WhiteElo "1683"]
[BlackElo "1486"]
[PlyCount "94"]
[EventDate "2010.??.??"]

1. e4 c5 2. Nc3 Nc6 3. f4 d6 4. Nf3 g6 5. Bb5 Bd7 6. O-O Bg7 7. d3 Nf6 8. h3
O-O 9. Qe1 a6 10. Bxc6 Bxc6 11. Be3 b5 12. e5 Nd5 13. Nxd5 Bxd5 14. d4 cxd4 15.
Bxd4 Qc7 16. c3 Bxf3 17. Rxf3 dxe5 18. fxe5 e6 19. Qe3 Rac8 20. Rd1 Rfd8 21.
Rff1 Rd5 22. Rde1 Rb8 23. a3 a5 24. Rf2 b4 25. axb4 axb4 26. cxb4 Rxb4 27. Bc3
Rbb5 28. Rfe2 Bxe5 29. Bxe5 Rxe5 30. Qf4 Qb6+ 31. Kh1 Rxe2 32. Rxe2 Rxb2 33.
Rxb2 Qxb2 34. Qc7 Kg7 35. Qc4 Qe5 36. Qd3 Qf5 37. Qc3+ e5 38. Kg1 Qf4 39. Qc7
Qd4+ 40. Kf1 e4 41. g3 e3 42. Ke2 Qd2+ 43. Kf3 Qf2+ 44. Ke4 e2 45. Qc3+ Kh6 46.
Qd2+ g5 47. Qd6+ Kg7 0-1

[Event "SG Arnstadt-Stadtilm 2-MTV 1876 Saalfel"]
[Site "?"]
[Date "2010.02.07"]
[Round "6.8"]
[White "Schätz, Bianca"]
[Black "Quandt, Martin"]
[Result "1-0"]
[WhiteElo "1674"]
[BlackElo "1586"]
[PlyCount "87"]
[EventDate "2010.??.??"]

1. d4 Nf6 2. Nf3 d5 3. e3 Bf5 4. c4 dxc4 5. Bxc4 e6 6. Nc3 Bb4 7. Bd2 O-O 8.
O-O Nbd7 9. a3 Bd6 10. Rc1 Nb6 11. Be2 h6 12. Nb5 a6 13. Nxd6 cxd6 14. Ba5 Be4
15. Qb3 Nfd7 16. Nd2 Bxg2 17. Bxb6 Qg5 18. f4 Qg6 19. Bh5 Qxh5 20. Kxg2 Qg4+
21. Kh1 Rfc8 22. Ba5 b5 23. Rxc8+ Rxc8 24. Qd1 Qg6 25. Rg1 Qf5 26. Qg4 g6 27.
Qxf5 exf5 28. Bb4 d5 29. Nf3 Kg7 30. Ne5 Nb6 31. Bc5 Na4 32. b4 Nb2 33. Rc1 Nc4
34. Nxc4 dxc4 35. Kg2 Kf6 36. Kf3 Ke6 37. Re1 Kf6 38. d5 Re8 39. d6 Ke6 40. Rd1
Kd7 41. Ra1 Re4 42. a4 c3 43. axb5 axb5 44. Ra7+ 1-0

[Event "Landesklasse West 2011/2012"]
[Site "?"]
[Date "2011.09.18"]
[Round "1"]
[White "Fink, Klaus"]
[Black "Hocke, Sebastian"]
[Result "1-0"]
[WhiteElo "1961"]
[BlackElo "1798"]
[PlyCount "77"]
[EventDate "2011.??.??"]
[WhiteTeam "TSG Ruhla"]
[BlackTeam "ESV Lok Meiningen"]

1. e4 c5 2. Nf3 d6 3. c3 Nf6 4. Bd3 Nc6 5. h3 e6 6. O-O Be7 7. Re1 O-O 8. Bf1
b6 9. d4 d5 10. e5 Nd7 11. Bf4 c4 12. Nbd2 b5 13. b3 Qa5 14. b4 Qa3 15. Qc2 Nb6
16. Be2 a5 17. bxa5 Rxa5 18. Reb1 Na4 19. Nb3 Nxc3 20. Nxa5 Qxa5 21. Re1 Bb4
22. Bd2 Ne4 23. Bxb4 Nxb4 24. Qb2 Qa4 25. a3 Nc6 26. Bd1 Qa5 27. Bc2 c3 28. Qc1
Nd2 29. Rd1 Nxf3+ 30. gxf3 b4 31. axb4 Qxb4 32. Ra4 Qb5 33. Qa3 f6 34. Qxc3
fxe5 35. Rb1 Qe2 36. Bd1 Nxd4 37. Rxd4 exd4 38. Qa5 Qd3 39. Ra1 {ZÜ} 1-0

[Event "Landesklasse West 2011/2012"]
[Site "?"]
[Date "2011.02.05"]
[Round "6"]
[White "Töpfer, Albrecht"]
[Black "Schulz, Tilo"]
[Result "1-0"]
[WhiteElo "1851"]
[BlackElo "1870"]
[PlyCount "75"]
[EventDate "2011.??.??"]
[WhiteTeam "Ilmenauer SV"]
[BlackTeam "Randspringer Bad Salzungen"]

1. c4 g6 2. g3 Bg7 3. Bg2 Nf6 4. Nc3 O-O 5. e4 d6 6. Nge2 e5 7. O-O c5 8. d3
Be6 9. h3 Qd7 10. Kh2 Nc6 11. Nd5 Bxd5 12. cxd5 Ne7 13. Be3 Ne8 14. Qd2 f5 15.
Rab1 fxe4 16. dxe4 b5 17. b4 c4 18. a4 a6 19. Ra1 Nf6 20. Ra3 Rab8 21. Rfa1 Rb7
22. axb5 axb5 23. Nc3 Rfb8 24. Ra6 Ne8 25. h4 Nc7 26. Bh3 Qd8 27. R6a5 Qf8 28.
Kg2 h5 29. Ra7 Nc8 30. Rxb7 Rxb7 31. Ra5 Kh7 32. Bd7 Nxd5 33. Qxd5 Rxd7 34.
Qxb5 Qf7 35. Nd5 Rb7 36. Qxc4 Ne7 37. Bg5 Nxd5 38. Rxd5 {ZÜ} 1-0

[Event "Landesklasse West 2011/2012"]
[Site "?"]
[Date "2011.02.05"]
[Round "6"]
[White "Müller, Julian"]
[Black "Feldmann, Susanne"]
[Result "1-0"]
[WhiteElo "1636"]
[BlackElo "1404"]
[PlyCount "69"]
[EventDate "2011.??.??"]
[WhiteTeam "Ilmenauer SV"]
[BlackTeam "Randspringer Bad Salzungen"]

1. e4 c5 2. Nf3 Nc6 3. d4 cxd4 4. Nxd4 e5 5. Nb3 Nf6 6. f3 a6 7. Bg5 Be7 8. Nc3
d6 9. Qd2 Be6 10. O-O-O O-O 11. Bxf6 Bxf6 12. Qxd6 Bg5+ 13. Kb1 Bxb3 14. axb3
Qxd6 15. Rxd6 Rfd8 16. Rxd8+ Rxd8 17. Nd5 Nd4 18. Bc4 Ne6 19. h4 Bf4 20. Nxf4
Nxf4 21. g3 Ng6 22. Kc1 Ne7 23. Rd1 Rxd1+ 24. Kxd1 Kf8 25. Kd2 a5 26. Kc3 b6
27. b4 axb4+ 28. Kxb4 Nc6+ 29. Kc3 Ke7 30. b4 f6 31. b5 Na7 32. Kb4 Kd6 33. Bd5
Nc8 34. c4 h6 35. h5 {ZÜ} 1-0

[Event "Landesklasse Ost 2011/2012"]
[Site "?"]
[Date "2011.09.18"]
[Round "1"]
[White "Wagner, Ronald"]
[Black "Markowski, Erhard"]
[Result "0-1"]
[WhiteElo "1761"]
[BlackElo "1704"]
[PlyCount "183"]
[EventDate "2011.??.??"]
[WhiteTeam "MTV 1876 Saalfeld"]
[BlackTeam "SV Hermsdorf"]

1. Nf3 Nf6 2. g3 d5 3. d4 e6 4. Bg2 Be7 5. c4 O-O 6. O-O c5 7. cxd5 Nxd5 8. Nc3
Nc6 9. Nxd5 Qxd5 10. Ne5 Qxd4 11. Nxc6 bxc6 12. Bxc6 Rb8 13. Qc2 Rd8 14. Rb1
Ba6 15. Be3 Qc4 16. Rfc1 Qxe2 17. Qxe2 Bxe2 18. Bxc5 Bxc5 19. Rxc5 Rdc8 20. b3
Rc7 21. Rbc1 Rbc8 22. b4 Kf8 23. f4 Ke7 24. Kf2 Bg4 25. Bg2 Rxc5 26. bxc5 Bf5
27. Bb7 Rc7 28. Bf3 Bd3 29. Ke3 Ba6 30. Kd4 Rd7+ 31. Ke3 Rd3+ 32. Kf2 Kd7 33.
Rc2 h6 34. Be4 Rd1 35. Bg2 Kc7 36. h4 Bb7 37. c6 Ba6 38. Ke3 Rd6 39. Kf2 Bb5
40. Ke3 Bxc6 41. Bf1 Kd7 42. Be2 Ke7 43. Rb2 Bd5 44. Bf3 Bxf3 45. Kxf3 Rd3+ 46.
Kg4 Ra3 47. Rd2 g6 48. Rc2 Kf6 49. Re2 Ke7 50. Rd2 f6 51. Re2 Ra5 52. Rb2 f5+
53. Kf3 Kf6 54. Rc2 Ra3+ 55. Kf2 g5 56. hxg5+ hxg5 57. Re2 g4 58. Kg2 Ra5 59.
Kg1 e5 60. fxe5+ Rxe5 61. Rc2 Ra5 62. Re2 Kg5 63. Rf2 Ra4 64. Kg2 f4 65. gxf4+
Rxf4 66. Rc2 Ra4 67. Rf2 Ra3 68. Rb2 Kh4 69. Rc2 Ra4 70. Rb2 a5 71. Rc2 Rb4 72.
a3 Rb3 73. Ra2 a4 74. Kh2 Rh3+ 75. Kg1 Kg5 76. Kg2 Rf3 77. Rb2 Rxa3 78. Rb5+
Kh4 79. Rb8 Ra2+ 80. Kg1 Kg3 81. Rb1 Ra3 82. Rc1 Rb3 83. Ra1 a3 84. Kf1 Kf3 85.
Kg1 Ke3 86. Kg2 Kd4 87. Rd1+ Rd3 88. Rc1 Rc3 89. Ra1 Kc4 90. Kf2 Rc2+ 91. Kg3
Kb3 92. Kxg4 {ZÜ} 0-1

[Event "Landesklasse Ost 2011/2012"]
[Site "?"]
[Date "2011.09.18"]
[Round "1"]
[White "Liebold, Thomas"]
[Black "Wanzek, Daniel"]
[Result "0-1"]
[WhiteElo "2041"]
[BlackElo "2093"]
[PlyCount "75"]
[EventDate "2011.??.??"]
[WhiteTeam "TSV Zeulenroda"]
[BlackTeam "ESV Lok Sömmerda"]

1. Nf3 Nc6 2. e4 d5 3. exd5 Qxd5 4. Nc3 Qa5 5. Bb5 Bd7 6. O-O Nf6 7. Re1 e6 8.
d4 Bb4 9. Qe2 O-O 10. Bd2 a6 11. Bd3 Qh5 12. Ne4 Nxe4 13. Bxe4 Bd6 14. c4 Nxd4
15. Qd3 Nxf3+ 16. Bxf3 Qxh2+ 17. Kf1 Bc6 18. Bxc6 bxc6 19. Bc3 Rab8 20. Qe4 Bb4
21. g3 Bxc3 22. bxc3 Rb2 23. Re2 Rfb8 24. Qxc6 Qh3+ 25. Ke1 h6 26. Rxb2 Rxb2
27. Rd1 Qh2 28. Rd2 Rb1+ 29. Ke2 Qh5+ 30. f3 Qh2+ 31. Ke3 Re1+ 32. Kd3 Qxg3 33.
Qe8+ Kh7 34. Qxf7 Rb1 35. Kc2 Qg1 36. Qxe6 Qc1+ 37. Kd3 Qf1+ 38. Kd4 {ZÜ} 0-1

[Event "Thüringenliga 2011/2012"]
[Site "?"]
[Date "2011.10.09"]
[Round "2"]
[White "Anschütz, Mario"]
[Black "Fijalkowski, Jürgen"]
[Result "1-0"]
[WhiteElo "1809"]
[BlackElo "1815"]
[PlyCount "71"]
[EventDate "2011.??.??"]
[WhiteTeam "SSV Vimaria 91 Weimar"]
[BlackTeam "VfL 1990 Gera"]

1. d4 d5 2. c4 e6 3. cxd5 exd5 4. Nc3 c6 5. Qc2 Nf6 6. Bg5 Be7 7. e3 Nbd7 8.
Bd3 O-O 9. Nge2 Re8 10. O-O-O Nf8 11. f3 Be6 12. Nf4 Bd7 13. Bh4 Kh8 14. Kb1 b5
15. g4 a5 16. Bg3 a4 17. Qg2 Qa5 18. g5 Ng8 19. e4 a3 20. exd5 axb2 21. Qxb2 b4
22. Ne4 b3 23. axb3 Reb8 24. Bc4 Ba3 25. Qe2 Ne7 26. dxc6 Nxc6 27. Nd5 Re8 28.
Nc7 Bb4 29. Nxa8 Rxa8 30. Kc2 Bf5 31. d5 Qb6 32. Bf2 Qc7 33. Ra1 Rd8 34. Rhd1
Ne5 35. Ra7 Qb8 36. Rda1 {ZÜ} 1-0

[Event "Thüringenliga 2011/2012"]
[Site "?"]
[Date "2011.10.09"]
[Round "2"]
[White "Taudte, Stefan"]
[Black "Schmidt, Matthias"]
[Result "1-0"]
[WhiteElo "2001"]
[BlackElo "1969"]
[PlyCount "79"]
[EventDate "2011.??.??"]
[WhiteTeam "SV Empor Erfurt"]
[BlackTeam "TSG Apolda"]

1. d4 d5 2. c4 e6 3. Nc3 Nf6 4. Bg5 Be7 5. Nf3 Ne4 6. Bxe7 Qxe7 7. e3 Nxc3 8.
bxc3 Nd7 9. Qb3 c6 10. a4 O-O 11. a5 Rb8 12. Be2 dxc4 13. Bxc4 e5 14. O-O e4
15. Nd2 Nf6 16. Rae1 b5 17. axb6 axb6 18. f3 Bf5 19. Qc2 Bg6 20. fxe4 Nxe4 21.
Bd3 Nxd2 22. Qxd2 Be4 23. Bxe4 Qxe4 24. Rf4 Qd5 25. e4 Qc4 26. Rf3 b5 27. Rg3
f6 28. Rb1 Ra8 29. Qd3 Qxd3 30. Rxd3 Rfe8 31. d5 cxd5 32. exd5 Re2 33. h3 Raa2
34. Rg3 Rab2 35. Rxb2 Rxb2 36. Rd3 Kf7 37. d6 Ke8 38. d7+ Kd8 39. Rd5 Rc2 40.
Rd3 {ZÜ} 1-0

[Event "Thüringenliga 2011/2012"]
[Site "?"]
[Date "2011.11.06"]
[Round "3"]
[White "Koksch, Robert"]
[Black "Steiger, Jürgen"]
[Result "0-1"]
[WhiteElo "1931"]
[BlackElo "1932"]
[PlyCount "64"]
[EventDate "2011.??.??"]
[WhiteTeam "SC 51 Nordhausen"]
[BlackTeam "TSG Apolda"]

1. d4 d6 2. c4 e5 3. e4 exd4 4. Qxd4 Nc6 5. Qe3 Nf6 6. h3 g6 7. Bd2 Bg7 8. Bc3
O-O 9. Be2 Re8 10. f3 d5 11. cxd5 Nxd5 12. Qd2 Qh4+ 13. Kf1 Nxc3 14. Nxc3 Be6
15. Qe1 Qf6 16. Bb5 Red8 17. Bxc6 Bc4+ 18. Nge2 Qxc6 19. Rc1 Rd3 20. Nd5 Re8
21. Nb4 Qb5 22. Nxd3 Bxd3 23. Qd2 Bxb2 24. Rd1 Rd8 25. Kf2 Rd6 26. h4 Bxe4 27.
Qg5 Bd5 28. h5 Bf6 29. Qf4 Re6 30. Rhe1 Qb6+ 31. Kf1 Bxa2 32. hxg6 hxg6 {ZÜ}
0-1

[Event "Thüringenliga 2011/2012"]
[Site "?"]
[Date "2011.11.06"]
[Round "3"]
[White "Krug, Klaus-Peter"]
[Black "Königsmann, Marcus"]
[Result "0-1"]
[WhiteElo "1954"]
[BlackElo "1887"]
[PlyCount "70"]
[EventDate "2011.??.??"]
[WhiteTeam "TSG Apolda"]
[BlackTeam "SC 51 Nordhausen"]

1. d4 Nf6 2. Nf3 e6 3. Nbd2 c5 4. e3 d5 5. Bd3 Nc6 6. b3 Be7 7. Bb2 O-O 8. O-O
a6 9. Ne5 Bd7 10. f4 b5 11. c3 g6 12. Rf3 Nh5 13. Rh3 f5 14. g4 Nf6 15. gxf5
exf5 16. Nxd7 Qxd7 17. Nf3 c4 18. Bc2 Qe6 19. Ng5 Qd7 20. Qd2 Nd8 21. Qg2 Kg7
22. Kh1 Nf7 23. Rg1 Nxg5 24. Qxg5 Ng4 25. Rxg4 Bxg5 26. Rxg5 a5 27. Rhg3 Ra6
28. Rg1 b4 29. h4 h6 30. R5g3 Qe7 31. Rh3 Re6 32. Bc1 bxc3 33. Kh2 cxb3 34.
axb3 Rb6 35. h5 g5 {ZÜ} 0-1